[Event "Moravia-Silesia Region-chT 0708"]
[Site "Czech Republic"]
[Date "2007.10.28"]
[Round "1.4"]
[White "Chlevistan, Jakub"]
[Black "Nedela, Jiri"]
[Result "1-0"]
[WhiteElo "2114"]
[BlackElo "2053"]
[PlyCount "107"]
[EventDate "2007.10.28"]
[EventType "team-tourn"]
[EventRounds "11"]
[EventCountry "CZE"]
[SourceTitle "EXT 2024"]
[Source "ChessBase"]
[SourceDate "2023.10.10"]
[SourceVersion "1"]
[SourceVersionDate "2023.10.10"]
[SourceQuality "1"]

1. Nf3 g6 2. d4 Bg7 3. c4 Nf6 4. g3 0-0 5. Bg2 d6 6. Nc3 a6 7. 0-0 c5 8. dxc5 dxc5 9. Qxd8 Rxd8 10. Be3 Be6 11. Bxc5 Nc6 12. Bb6 Rdc8 13. c5 Nd7 14. Rfd1 Nxb6 15. cxb6 Rab8 16. Ng5 Bc4 17. Rd2 h6 18. Nge4 Ne5 19. f4 Nc6 20. e3 Na5 21. Rc1 f5 22. Nf2 Be6 23. Rdc2 Bxc3 24. Rxc3 Rxc3 25. Rxc3 Nc4 26. b3 Nxb6 27. Rc7 Rc8 28. Rxc8+ Bxc8 29. Nd3 Nd7 30. Kf2 Kf7 31. e4 b6 32. e5 a5 33. Ke3 Ba6 34. Kd4 Bxd3 35. Kxd3 g5 36. Kc4 gxf4 37. gxf4 Nc5 38. Bf3 e6 39. Be2 Ke7 40. Kb5 Ne4 41. Kxb6 Nc3 42. Bc4 Nxa2 43. Kxa5 Nc3 44. b4 Kd7 45. Ka6 Ne4 46. Ka7 Nd2 47. Ba2 Nf3 48. b5 Nd4 49. b6 Kc6 50. b7 Nb5+ 51. Ka8 Nc7+ 52. Kb8 Kd7 53. Ka7 Nb5+ 54. Kb6 1-0

[Event "Ostrava Konik op-A"]
[Site "Ostrava"]
[Date "2007.??.??"]
[Round "3"]
[White "Pokorny, Petr"]
[Black "Nedela, Jiri"]
[Result "1-0"]
[WhiteElo "2235"]
[BlackElo "2075"]
[PlyCount "85"]
[EventDate "2007.05.??"]
[EventType "swiss"]
[EventRounds "9"]
[EventCountry "CZE"]
[SourceTitle "EXT 2010"]
[Source "ChessBase"]
[SourceDate "2010.11.25"]
[SourceVersion "1"]
[SourceVersionDate "2010.11.25"]
[SourceQuality "1"]

1. d4 Nf6 2. c4 g6 3. Nc3 Bg7 4. e4 d6 5. Be2 0-0 6. Nf3 e5 7. dxe5 dxe5 8. Qxd8 Rxd8 9. Bg5 Re8 10. Nd5 Nxd5 11. cxd5 c6 12. Bc4 cxd5 13. Bxd5 Na6 14. 0-0-0 Nc7 15. Bb3 h6 16. Be3 b6 17. Nd2 Be6 18. Bxe6 Nxe6 19. Kb1 Rac8 20. Rc1 Red8 21. Rxc8 Rxc8 22. Rc1 Rxc1+ 23. Kxc1 f5 24. f3 Kf7 25. Kc2 Ke7 26. b4 Kd6 27. a4 Kc6 28. b5+ Kc7 29. Kb3 h5 30. Kc4 f4 31. Bf2 Kd6 32. Nb3 g5 33. a5 bxa5 34. Nxa5 g4 35. Bxa7 gxf3 36. gxf3 Nd4 37. Bxd4 exd4 38. Nc6 h4 39. h3 Bf6 40. Nxd4 Bd8 41. Nf5+ Kc7 42. Kc5 Kb7 43. Nd6+ 1-0

[Event "Ostrava SME op"]
[Site "Ostrava"]
[Date "2005.05.08"]
[Round "9"]
[White "Nedela, Jiri"]
[Black "Papan, Cyril"]
[Result "1/2-1/2"]
[WhiteElo "2044"]
[BlackElo "2076"]
[PlyCount "29"]
[EventDate "2005.04.30"]
[EventType "swiss"]
[EventRounds "9"]
[EventCountry "CZE"]
[SourceTitle "CBM 106 Extra"]
[Source "ChessBase"]
[SourceDate "2005.07.01"]
[SourceVersion "1"]
[SourceVersionDate "2005.07.01"]
[SourceQuality "1"]

1. Nf3 d5 2. g3 Nf6 3. Bg2 Bg4 4. d3 e6 5. 0-0 Be7 6. Nbd2 Nbd7 7. b3 c6 8. Bb2 Qc7 9. c4 0-0 10. a3 Rad8 11. Re1 Rfe8 12. Qc2 h6 13. b4 Bh5 14. Qa4 Nb6 15. Qb3 1/2-1/2

[Event "Ostrava SME op"]
[Site "Ostrava"]
[Date "2005.05.05"]
[Round "6"]
[White "Nedela, Jiri"]
[Black "Dvorak, Vladimir"]
[Result "1/2-1/2"]
[WhiteElo "2044"]
[BlackElo "2020"]
[PlyCount "21"]
[EventDate "2005.04.30"]
[EventType "swiss"]
[EventRounds "9"]
[EventCountry "CZE"]
[SourceTitle "CBM 106 Extra"]
[Source "ChessBase"]
[SourceDate "2005.07.01"]
[SourceVersion "1"]
[SourceVersionDate "2005.07.01"]
[SourceQuality "1"]

1. Nf3 f5 2. e4 fxe4 3. Ng5 e5 4. d3 e3 5. Bxe3 Nf6 6. Be2 d5 7. Bh5+ g6 8. Be2 Nc6 9. 0-0 Bg7 10. Nf3 Qd6 11. h3 1/2-1/2

[Event "Ostrava SME op"]
[Site "Ostrava"]
[Date "2005.05.01"]
[Round "2"]
[White "Nedela, Jiri"]
[Black "Kolar, Stanislav"]
[Result "0-1"]
[WhiteElo "2044"]
[BlackElo "2157"]
[PlyCount "118"]
[EventDate "2005.04.30"]
[EventType "swiss"]
[EventRounds "9"]
[EventCountry "CZE"]
[SourceTitle "CBM 106 Extra"]
[Source "ChessBase"]
[SourceDate "2005.07.01"]
[SourceVersion "1"]
[SourceVersionDate "2005.07.01"]
[SourceQuality "1"]

1. Nf3 Nf6 2. g3 b6 3. Bg2 Bb7 4. 0-0 e6 5. c4 c5 6. b3 Be7 7. Bb2 0-0 8. d3 d5 9. cxd5 exd5 10. d4 Nbd7 11. Nbd2 Ne4 12. e3 f5 13. Rc1 Bf6 14. Re1 Re8 15. Bh3 g6 16. Bf1 a6 17. Rc2 Rc8 18. Qa1 Qe7 19. Rec1 g5 20. dxc5 bxc5 21. Bxf6 Ndxf6 22. Nxe4 Nxe4 23. Ne1 g4 24. Nd3 d4 25. Nf4 Ng5 26. Bc4+ Kf8 27. Bd3 Nf3+ 28. Kf1 Nxh2+ 29. Kg1 Nf3+ 30. Kf1 Qe5 31. exd4 Nxd4 32. Re1 Qxe1+ 33. Qxe1 Rxe1+ 34. Kxe1 Nxc2+ 35. Bxc2 Be4 36. Bd1 Ke7 37. Be2 a5 38. Bc4 Rc6 39. Ke2 Rd6 40. a4 Rd4 41. Ke3 Kf6 42. Nh5+ Ke5 43. Nf4 Rd1 44. Ke2 Rb1 45. Ne6 Bd5 46. Nxc5 Bxc4+ 47. bxc4 Kd4 48. Nd3 Kxc4 49. Ne5+ Kd4 50. Nc6+ Ke4 51. Nxa5 Rb2+ 52. Ke1 Kd3 53. Kf1 Ra2 54. Nb7 Ra1+ 55. Kg2 Ke2 56. Nd6 Rf1 57. a5 Rxf2+ 58. Kg1 Kf3 59. Nxf5 Ra2 0-1

[Event "Orlova op 1st"]
[Site "Orlova"]
[Date "2004.05.??"]
[Round "3"]
[White "Nedela, Jiri"]
[Black "Kantorik, Marian"]
[Result "0-1"]
[WhiteElo "1995"]
[BlackElo "2325"]
[PlyCount "113"]
[EventDate "2004.05.??"]
[EventType "swiss"]
[EventRounds "9"]
[EventCountry "CZE"]
[SourceTitle "EXT 2007"]
[Source "ChessBase"]
[SourceDate "2006.11.23"]
[SourceVersion "1"]
[SourceVersionDate "2006.11.23"]
[SourceQuality "1"]

1. Nf3 c5 2. g3 Nf6 3. c4 d5 4. cxd5 Nxd5 5. Bg2 Nc6 6. 0-0 e5 7. d3 Be7 8. Nc3 Be6 9. Bd2 0-0 10. Qc1 f6 11. Ne4 b6 12. a3 Rc8 13. Qd1 Qd7 14. Rc1 Rfd8 15. Nc3 Nc7 16. Qa4 b5 17. Qd1 a5 18. Ne4 Na6 19. Be3 Nd4 20. Bxd4 exd4 21. Ned2 c4 22. dxc4 bxc4 23. Ne4 Nc5 24. Nxc5 Bxc5 25. Qd2 Qb5 26. Qc2 Bf7 27. Nd2 c3 28. bxc3 dxc3 29. Nb1 Bd6 30. Nxc3 Qc5 31. Qb1 Rb8 32. Qe4 Qxa3 33. Nd5 Qb2 34. Ne7+ Bxe7 35. Qxe7 a4 36. Qa7 a3 37. Be4 Qd4 38. Bxh7+ Kxh7 39. Qxf7 Rd7 40. Qe6 Qd5 41. Qxd5 Rxd5 42. Ra1 Rb3 43. Ra2 Kg6 44. Rfa1 Ra5 45. Kf1 Kf5 46. Ke1 Ke5 47. Kd1 Kd4 48. Kd2 Kc4 49. Rc1+ Kb4 50. Rc7 Rc5 51. Rxc5 Kxc5 52. Rc2+ Kb4 53. Kc1 Rc3 54. Rxc3 Kxc3 55. Kb1 Kd2 56. Ka2 Kxe2 57. f4 0-1

[Event "Orlova op 1st"]
[Site "Orlova"]
[Date "2004.05.??"]
[Round "9"]
[White "Nedela, Jiri"]
[Black "Trombik, Karel"]
[Result "1/2-1/2"]
[WhiteElo "1995"]
[BlackElo "2200"]
[PlyCount "89"]
[EventDate "2004.05.??"]
[EventType "swiss"]
[EventRounds "9"]
[EventCountry "CZE"]
[SourceTitle "EXT 2007"]
[Source "ChessBase"]
[SourceDate "2006.11.23"]
[SourceVersion "1"]
[SourceVersionDate "2006.11.23"]
[SourceQuality "1"]

1. Nf3 d5 2. g3 c6 3. Bg2 Nf6 4. b3 Bf5 5. Bb2 h6 6. d3 e6 7. Nbd2 Be7 8. c4 0-0 9. 0-0 Nbd7 10. a3 a5 11. Re1 Bh7 12. Ne5 Re8 13. Nxd7 Nxd7 14. Nf3 Bd6 15. Qc2 e5 16. cxd5 cxd5 17. Qd1 Qb6 18. Nd2 Nf6 19. Nb1 Rad8 20. d4 e4 21. e3 Bg6 22. Bf1 Bh5 23. Be2 Bxe2 24. Rxe2 Qc6 25. Kg2 Qd7 26. Rc2 Qf5 27. h3 h5 28. Nd2 g5 29. Bc3 Ra8 30. Bb2 Qg6 31. Rac1 Nh7 32. Qe2 f5 33. Qb5 Qg7 34. Qb6 Ra6 35. Qb5 Nf6 36. Rc8 Rxc8 37. Rxc8+ Kh7 38. Nc4 dxc4 39. Qxf5+ Qg6 40. Qb5 Qg7 41. d5 c3 42. Bxc3 Qd7 43. Rh8+ Kg6 44. Rg8+ Kh6 45. Rh8+ 1/2-1/2

[Event "Ostrava op-A"]
[Site "Ostrava"]
[Date "2003.05.03"]
[Round "1"]
[White "Nedela, Jiri"]
[Black "Vratny, Radim"]
[Result "0-1"]
[WhiteElo "1842"]
[BlackElo "2169"]
[PlyCount "86"]
[EventDate "2003.05.03"]
[EventType "swiss"]
[EventRounds "10"]
[EventCountry "CZE"]
[SourceTitle "EXT 2006"]
[Source "ChessBase"]
[SourceDate "2005.11.24"]
[SourceVersion "1"]
[SourceVersionDate "2005.11.24"]
[SourceQuality "1"]

1. Nf3 Nf6 2. g3 b6 3. Bg2 Bb7 4. 0-0 c5 5. c4 e6 6. b3 Be7 7. Bb2 0-0 8. Nc3 a6 9. e3 d5 10. cxd5 Nxd5 11. Nxd5 Bxd5 12. Qc2 Nd7 13. d4 Rc8 14. Qe2 Bb7 15. Rfd1 Qc7 16. Rac1 Qb8 17. Ne1 cxd4 18. Bxd4 Bf6 19. Bxf6 Nxf6 20. Bxb7 Qxb7 21. Qb2 h6 22. Ng2 Rxc1 23. Rxc1 Rd8 24. Qe2 b5 25. Rd1 Rc8 26. Rd2 Qc7 27. Ne1 Qa5 28. Nd3 Qc3 29. Ne1 Qa5 30. Nd3 Ne4 31. Rc2 Rd8 32. b4 Qa3 33. Nc5 Nc3 34. Qg4 Nd5 35. Nxe6 fxe6 36. Qxe6+ Kf8 37. Rc8 Rxc8 38. Qxc8+ Kf7 39. e4 Ne7 40. Qd7 Qxa2 41. e5 Qa1+ 42. Kg2 Qxe5 43. Qa7 Qe4+ 0-1